Payne and others v John Setchell Ltd (Record no. 102663)

MARC details
000 -LEADER
fixed length control field 01881cam a2200301 4500
001 - CONTROL NUMBER
control field X121433
008 - FIXED-LENGTH DATA ELEMENTS--GENERAL INFORMATION
fixed length control field 000000n2002 000 0 eng u
035 ## - SYSTEM CONTROL NUMBER
System control number (Sirsi) u121433
245 ## - TITLE STATEMENT
Title Payne and others v John Setchell Ltd
260 ## - PUBLICATION, DISTRIBUTION, ETC.
Date of publication, distribution, etc. 2002
490 ## - SERIES STATEMENT
Series statement Building Law Reports
Volume/sequential designation [2002] 10 BLR 489-521(33)
520 ## - SUMMARY, ETC.
Summary, etc. TCC, 16 March 2001. It was alleged that the defendants' (J) ground investigation and decision to have a raft foundation for four cottages were inaccurate and inappropriate and that they owed a duty of care in negligence to subsequent owners who suffered economic loss. "Held": J did not have a duty of care for purely economic loss or to review the design; J had a duty to avoid causing physical injury or loss or damage to other property, to take reasonable professional skill and care (to the original owners), to take care that statements in the certificate/letter were reliable, and under the Defective Premises Act 1971; the duty of care arising from the statements was not indefinite but would only be valid for 10 years. It was also ruled that the Limitations Act 1980 s14(a) does not apply to claims under the Defective Premises Act 1972 s1 (see also Abs64095).
650 ## - SUBJECT ADDED ENTRY--TOPICAL TERM
Topical term or geographic name entry element BELLEFIELD COMPUTER SERVICES LTD AND OTHERS V E TURNER AND SONS
650 ## - SUBJECT ADDED ENTRY--TOPICAL TERM
Topical term or geographic name entry element CONSULTANTS LIABILITIES
650 ## - SUBJECT ADDED ENTRY--TOPICAL TERM
Topical term or geographic name entry element DEFECTIVE PREMISES ACT 1972
650 ## - SUBJECT ADDED ENTRY--TOPICAL TERM
Topical term or geographic name entry element DEFECTIVE PREMISES ACT 1972 S1
650 ## - SUBJECT ADDED ENTRY--TOPICAL TERM
Topical term or geographic name entry element DOE V THOMAS BATES AND SON
650 ## - SUBJECT ADDED ENTRY--TOPICAL TERM
Topical term or geographic name entry element HEDLEY BYRNE AND CO LTD V HELLER AND PARTNERS LTD
650 ## - SUBJECT ADDED ENTRY--TOPICAL TERM
Topical term or geographic name entry element HENDERSON V MERRETT SYNDICATES LTD
650 ## - SUBJECT ADDED ENTRY--TOPICAL TERM
Topical term or geographic name entry element LATENT DAMAGE ACT 1986 S3
650 ## - SUBJECT ADDED ENTRY--TOPICAL TERM
Topical term or geographic name entry element LATENT DEFECTS LIABILITY
650 ## - SUBJECT ADDED ENTRY--TOPICAL TERM
Topical term or geographic name entry element LIMITATION ACT 1980 S14A
650 ## - SUBJECT ADDED ENTRY--TOPICAL TERM
Topical term or geographic name entry element PROFESSIONAL NEGLIGENCE
650 ## - SUBJECT ADDED ENTRY--TOPICAL TERM
Topical term or geographic name entry element MURPHY V BRENTWOOD DC
650 ## - SUBJECT ADDED ENTRY--TOPICAL TERM
Topical term or geographic name entry element PAYNE AND OTHERS V JOHN SETCHELL LTD
690 ## - LOCAL SUBJECT ADDED ENTRY--TOPICAL TERM (OCLC, RLIN)
Topical term or geographic name as entry element BUILDING AND CONSTRUCTION-CASE LAW
942 ## - ADDED ENTRY ELEMENTS (KOHA)
Suppress in OPAC 0
Holdings
Withdrawn status Lost status Source of classification or shelving scheme Damaged status Not for loan Home library Current library Shelving location Date acquired Total Checkouts Full call number Barcode Date last seen Copy number Price effective from Koha item type
    Dewey Decimal Classification     London London Journal article 26/02/2003   X121433 121433-1001 06/08/2019 1 06/08/2019 Law report